| 000 | 00568nam a22001577a 4500 | ||
|---|---|---|---|
| 999 |
_c534721 _d534721 |
||
| 020 | _qHard Cover. | ||
| 082 | _a624.1 | ||
| 100 | _aKhan Shahid Kamal Khan. | ||
| 245 |
_a Managing mega construction projects; role and effectiveness of virtual teams / _cKhan Shahid Kamal Khan. |
||
| 260 |
_aIsalmabad : _bNIT - NUST, _c2015. |
||
| 300 |
_axii, 105 p. ill. ; _c30cm. |
||
| 942 |
_2ddc _cTHE |
||
| 650 |
_aConstruction Engineering and Management - MS Thesis. _917023 |
||
| 700 |
_aDr. Hamza Farooq Gabriel. _927413 |
||